000 00672nam a2200217Ii 4500
003 JO-AjNU
008 230605s9999||||xx |||||||||||||| ||und||
017 _a1998/6/990
040 _aJO-AjNU
_bara
_erda
_cJO-AjNU
041 _aara
050 1 4 _aPJ7814.Z78.A17 1999
100 3 _aتأليف العزام، موسى الصحن,
_eauthor
_948830
245 0 0 _aأبحث عن ملحمتي
250 _aط1
264 3 1 _aإربد:المركز القومي للنشر،1998
300 _a134ص
336 _atext
_btxt
_2rdacontent
337 _aunmediated
_bn
_2rdamedia
338 _avolume
_bnc
_2rdacarrier
650 4 _aالشعر العربي المعاصر
_948831
999 _aA21410
_c24978
_d24978